Benny and the giants and other stories
A selection of short stories by Enid Blyton.
Saved in:
| Main Author: | |
|---|---|
| Other Authors: | |
| Format: | Book |
| Language: | English |
| Published: |
Worksop
Award
2007
|
| Subjects: | |
| Tags: |
Add Tag
No Tags, Be the first to tag this record!
|
| Call Number : | PZ 7.B629 BEN 2007 |
MARC
| LEADER | 00000nam a2200000 i 4500 | ||
|---|---|---|---|
| 001 | 97553 | ||
| 003 | MY-KLNDU | ||
| 005 | 20241220021958.0 | ||
| 008 | 221104 2007 xxka 000 1 eng d | ||
| 020 | |a 9781841354910 | ||
| 039 | 9 | |a 202211041141 |b VLOAD |c 201603071213 |d azraai |c 201603070952 |d azraai |y 201511191351 |z zubir | |
| 040 | |a UPNM |b eng |c UPNM |e rda | ||
| 090 | |a PZ 7.B629 |b BEN 2007 | ||
| 100 | 1 | |a Blyton, Enid |e author | |
| 245 | 1 | 0 | |a Benny and the giants |b and other stories |c by Enid Blyton ; illustrated by Ray Mutimer |
| 264 | 1 | |a Worksop |b Award |c 2007 | |
| 300 | |a 191 pages |b illustrations |c 20 cm | ||
| 336 | |a text |2 rdacontent | ||
| 337 | |a unmediated |2 rdamedia | ||
| 338 | |a volume |2 rdacarrier | ||
| 500 | |a "An Award popular reward"--Cover. | ||
| 505 | 0 | |a Benny and the Giants -- The Unhappy Sailor Doll -- The Pixie Who Killed the Moon -- The Moon in the Pail -- They Ran Away -- Billy's Bicycle -- She Didn't Want to Go to School -- Klip-Klap and the Fireworks -- Hooray for Shuffle the Shoemaker! -- The Girl Who Told Tales -- You'd Better Be Careful, Stamp-About -- The Little Silver Hat -- Tell-Tale Tommy -- The Forgotten Pets -- He Wouldn't Go in the Water! | |
| 520 | |a A selection of short stories by Enid Blyton. | ||
| 592 | |a IN17072 |b 26/1/16 |c RM16.95 |c Intrabakti | ||
| 650 | 0 | |a Children's stories, English | |
| 650 | 0 | |a Short stories |v Juvenile fiction | |
| 651 | 0 | |a England |v Fiction | |
| 700 | 1 | |a Mutimer, Ray |e illustrator | |
| 999 | |a vtls000054790 |c 97553 |d 97553 | ||


